[Event "POL-chT 2nd League"]
[Site "Jastrzebia Gora"]
[Date "2022.09.11"]
[Round "9.107"]
[White "Kozlowski, Waldemar"]
[Black "Maj, Pawel1111"]
[Result "1/2-1/2"]
[WhiteElo "2182"]
[BlackElo "2188"]
[PlyCount "44"]
[EventDate "2022.09.03"]
[EventType "team-swiss"]
[EventRounds "9"]
[EventCountry "POL"]
[SourceTitle "CBM 210 Extra"]
[Source "ChessBase"]
[SourceDate "2022.11.30"]
[SourceVersion "1"]
[SourceVersionDate "2022.11.30"]
[SourceQuality "1"]
[WhiteTeam "Olsztyn Trzydziestka"]
[BlackTeam "Skoczek Trojanski"]
[WhiteTeamCountry "POL"]
[BlackTeamCountry "POL"]

1. Nf3 g6 2. c4 Bg7 3. Nc3 c5 4. d4 cxd4 5. Nxd4 Nc6 6. e3 Nf6 7. Be2 0-0 8. 0-0 b6 9. Bf3 Bb7 10. Nxc6 Bxc6 11. Bxc6 dxc6 12. Qe2 Qc7 13. Bd2 Rfd8 14. Rfd1 Rd7 15. Be1 Rad8 16. Rxd7 Rxd7 17. Rd1 Qd8 18. Rxd7 Qxd7 19. Qd1 Qxd1 20. Nxd1 Ne4 21. Kf1 Kf8 22. Ke2 Ke8 1/2-1/2

[Event "POL-chT 2nd League"]
[Site "Jastrzebia Gora"]
[Date "2022.09.04"]
[Round "2.103"]
[White "Madej, Jaroslaw"]
[Black "Kozlowski, Waldemar"]
[Result "1/2-1/2"]
[WhiteElo "2029"]
[BlackElo "2182"]
[PlyCount "80"]
[EventDate "2022.09.03"]
[EventType "team-swiss"]
[EventRounds "9"]
[EventCountry "POL"]
[SourceTitle "CBM 210 Extra"]
[Source "ChessBase"]
[SourceDate "2022.11.30"]
[SourceVersion "1"]
[SourceVersionDate "2022.11.30"]
[SourceQuality "1"]
[WhiteTeam "Krakow Cracovia"]
[BlackTeam "Olsztyn Trzydziestka"]
[WhiteTeamCountry "POL"]
[BlackTeamCountry "POL"]

1. d4 Nf6 2. Bf4 c5 3. e3 Qb6 4. Nc3 d6 5. Bb5+ Bd7 6. Bxd7+ Nbxd7 7. Nge2 g6 8. h3 Bg7 9. 0-0 0-0 10. Rb1 Rac8 11. Bh2 cxd4 12. exd4 Qa5 13. Bf4 b5 14. a3 Nb6 15. Na2 Nc4 16. c3 Qb6 17. Bc1 Nd5 18. Re1 Qb7 19. Nb4 Ncb6 20. Nxd5 Nxd5 21. Nf4 Nxf4 22. Bxf4 a5 23. Bg5 e6 24. Qd3 d5 25. h4 b4 26. axb4 axb4 27. h5 Rc4 28. Bd2 bxc3 29. bxc3 Qa7 30. Rb3 Rb8 31. Rxb8+ Qxb8 32. Rb1 Qd8 33. Qg3 Bf8 34. Rb8 Rc8 35. Rb7 Qf6 36. Qg4 Bd6 37. g3 Rb8 38. Rd7 Rb2 39. Be3 Bf8 40. Rc7 Rb8 1/2-1/2